|
|
|
|
| LEADER |
01328nam a22003494a 4500 |
| 001 |
EBC294186 |
| 003 |
MiAaPQ |
| 005 |
20200520144314.0 |
| 006 |
m o d | |
| 007 |
cr cn||||||||| |
| 008 |
030109s2003 ne a s 000 0 eng |
| 010 |
|
|
|z 2003040435
|
| 020 |
|
|
|z 0750676213 (pbk : alk. paper)
|
| 035 |
|
|
|a (MiAaPQ)EBC294186
|
| 035 |
|
|
|a (Au-PeEL)EBL294186
|
| 035 |
|
|
|a (CaPaEBR)ebr10186159
|
| 035 |
|
|
|a (CaONFJC)MIL105202
|
| 035 |
|
|
|a (OCoLC)476057137
|
| 040 |
|
|
|a MiAaPQ
|c MiAaPQ
|d MiAaPQ
|
| 050 |
|
4 |
|a TJ153
|b .S6355 2003
|
| 082 |
0 |
4 |
|a 621.8/16
|2 21
|
| 100 |
1 |
|
|a Smith, Ricky.
|
| 245 |
1 |
0 |
|a Industrial machinery repair
|h [electronic resource] :
|b best maintenance practices pocket guide /
|c Ricky Smith and R. Keith Mobley.
|
| 260 |
|
|
|a Amsterdam ;
|a Boston, MA :
|b Butterworth-Heinemann,
|c 2003.
|
| 300 |
|
|
|a vi, 544 p. :
|b ill.
|
| 533 |
|
|
|a Electronic reproduction. Ann Arbor, MI : ProQuest, 2015. Available via World Wide Web. Access may be limited to ProQuest affiliated libraries.
|
| 650 |
|
0 |
|a Machinery
|x Maintenance and repair.
|
| 650 |
|
0 |
|a Industrial equipment
|x Maintenance and repair.
|
| 655 |
|
4 |
|a Electronic books.
|
| 700 |
1 |
|
|a Mobley, R. Keith,
|d 1943-
|
| 710 |
2 |
|
|a ProQuest (Firm)
|
| 856 |
4 |
0 |
|u https://ebookcentral.proquest.com/lib/matrademy/detail.action?docID=294186
|z Click to View
|